Isfahan Shahid Beheshti Int. Airport Destinations (Isfahan, Iran) - Statistics

General Stats
  • This quiz has been taken 24 times
    16 since last reset
  • The average score is 15 of 31
Answer Stats
Airline Destination % Correct
Qatar Airways Doha
100%
Asa Jet/ATA Airlines/Caspian Airlines/Chabahar Airlines/FlyPersia/Iran Air/Iran Airtour/Iran Aseman Airlines/Karun Airlines/Kish Air/Mahan Air/Meraj Airlines/Pars Air/Pouya Air/Qeshm Air/Saha Airlines/Taban Air/Varesh Airlines/Yazd Airways/Zagros Airlines Tehran (Mehrabad)
94%
flydubai/Iran Air/Qeshm Air Dubai (International)
88%
Turkish Airlines Istanbul
88%
Pegasus Airlines Istanbul (Sabiha Gökçen)
88%
Iraqi Airways Baghdad
81%
Asa Jet/ATA Airlines/AVA Airlines/Caspian Airlines/FlyPersia/Iran Air/Iran Airtour/Iran Aseman Airlines/Karun Airlines/Kish Air/Mahan Air/Meraj Airlines/Pars Air/Qeshm Air/Saha Airlines/Sepehran Airlines/Taban Air/Varesh Airlines/Zagros Airlines Mashhad
81%
ATA Airlines/Mahan Air Tabriz
75%
Pars Air Shiraz
69%
Iran Air Jeddah
63%
Mahan Air Kerman
63%
ATA Airlines/AVA Airlines/Caspian Airlines/FlyPersia/Kish Air/Meraj Airlines/Pars Air/Qeshm Air/Saha Airlines/Varesh Airlines/Zagros Airlines Kish
63%
Asa Jet/ATA Airlines/FlyPersia/Meraj Airlines/Pars Air/Qeshm Air/Varesh Airlines/Yazd Airways Qeshm
63%
Iran Air/Iran Aseman Airlines/Karun Airlines/Kish Air Bandar Abbas
56%
Iran Aseman Airlines/Karun Airlines/Zagros Airlines Ahvaz
50%
Iran Air Kuwait City
50%
Iran Air Medina
50%
Pars Air/Varesh Airlines Muscat
50%
Mahan Air Zahedan
50%
ATA Airlines/Caspian Airlines/Fly Baghdad/Iran Air/Iran Aseman Airlines/Iraqi Airways/Kish Air/Meraj Airlines/Pars Air/Qeshm Air/Varesh Airlines/Zagros Airlines Najaf
38%
Asa Jet/Iran Aseman Airlines Rasht
31%
Asa Jet/Iran Aseman Airlines Abadan
25%
Iran Aseman Airlines/Varesh Airlines Sari
13%
Pars Air Aghajari
6%
Caspian Airlines/Karun Airlines/Kish Air/Mahan Air/Meraj Airlines/Pars Air/Saha Airlines Asaluyeh
6%
Karun Airlines Bahregan
6%
Karun Airlines/Qeshm Air Kharg
6%
Karun Airlines Lavan
6%
Karun Airlines Mahshahr
6%
Karun Airlines Sirri Island
6%
Asa Jet/Pars Air Chabahar/Konarak
0%
No matching quizzes found
Score Distribution
Percent of People with Each Score
Percentile by Number Answered
Your Score History
You have not taken this quiz since the last reset